000 00529nam a22001577a 4500
005 20231129140101.0
008 231129b |||||||| |||| 00| 0 eng d
041 _aEnglish
082 _a340.06 DEK
100 _lEnglish
245 _aA Critical Analysis of the Factors that Influence the Sustainability of Attorneys' Client Protection Funds -
_bA Namibian Perspective /
_cE de Klerk
260 _c2005
300 _bxi, 95 cm.
_c31 cm.
650 _aLegal practice
_bLaw
942 _cBK
_6ALISON_BN_VRIES
999 _c1057
_d1057